00240nam a2200097Ia 4500008004100000041000800041100001600049245004900065260002000114300000800134231107s1986 xx 000 0 und d aeng aGALLION A B aURBAN PATTERN CITY PLANNIG AND DESIGN 5TH ED aUKbC B Cc1986 a643